Normal view
MARC view
- Computional Science & Engineering - MS Thesis.
Entry Topical Term
001 - CONTROL NUMBER
- control field: 29086
003 - CONTROL NUMBER IDENTIFIER
- control field: NUST
005 - DATE AND TIME OF LATEST TRANSACTION
- control field: 20200319122843.0
008 - FIXED-LENGTH DATA ELEMENTS
- fixed length control field: 200319|| aca||aabn | a|a d
040 ## - CATALOGING SOURCE
- Original cataloging agency: NUST
- Transcribing agency: NUST
150 ## - HEADING--TOPICAL TERM
- Topical term or geographic name entry element: Computional Science & Engineering - MS Thesis.
670 ## - SOURCE DATA FOUND
- Source citation: Work cat.: (NUST): KHAN, AZMAT ALI. 29085, QUALITATIVE AND QUANTITATIVE MODELING OF INSULIN SIGNALING PATHWAY /, 2014.
